| 000 | 00648nam a2200241Ia 4500 | ||
|---|---|---|---|
| 003 | OSt | ||
| 005 | 20220918164729.0 | ||
| 006 | a|||||r|||| 00| 0 | ||
| 007 | ta | ||
| 008 | 220917b |||||||| |||| 00| 0 eng d | ||
| 020 | _a072042500X | ||
| 024 | _a243,874 | ||
| 037 | _cTextual | ||
| 040 |
_aARTS _cARTS _beng |
||
| 041 |
_2eng _aeng |
||
| 082 | _aD65,8(B):(P), L5 | ||
| 100 |
_aSchank Roger C. _920362 |
||
| 245 | 0 | _aConceptual information processing | |
| 260 |
_aNew York _bAmerican Elsevier Pub USA _c1975 |
||
| 300 |
_a374p. _ccm. |
||
| 942 |
_hD65,8(B):(P), L5 _cTEXL _2CC |
||
| 999 |
_c126239 _d126239 |
||